Podporný nástroj pre vývoj číslicovej elektroniky

Gespeichert in:
Bibliographische Detailangaben
1. Verfasser: Starý, Ján (Verfasst von)
Weitere Verfasser: Kohútka, Lukáš (Betreuung Doktorarbeit)
Format: Manuskript Buch
Sprache:Slowakisch
Veröffentlicht: 2018
Schlagworte:
Online-Zugang:http://is.stuba.sk/zp/portal_zp.pl?podrobnosti=123430
Tags: Tag hinzufügen
Keine Tags, Fügen Sie das erste Tag hinzu!

MARC

LEADER 00000ntm a22000003a 4500
001 stuzp66288
003 SK-STU
005 20181130120338.5
007 ta
008 150427s2015----xo-----f-mn---000-0-slo-d
040 |a STU  |b slo 
041 0 |a slo 
044 |a xo 
100 1 |a Starý, Ján  |u 035000  |4 aut  |U FEI Fakulta elektrotechniky a informatiky  |T FEI Ústav informatiky a matematiky  |X 80097  |U E050  |Y 816  |7 80097 
242 0 1 |a Support tool for digital electronics development  |y eng 
245 1 0 |a Podporný nástroj pre vývoj číslicovej elektroniky 
260 |c 2018 
300 |a 83 s.,  |b CD-ROM 
650 4 |a Code processing  |2 eng 
650 4 |a SystemVerilog  |2 eng 
650 4 |a Definition linking  |2 eng 
650 4 |a Code searching  |2 eng 
650 4 |a Qt framework  |2 eng 
650 4 |a Qt framework  |2 slo 
650 4 |a Vyhľadávanie definícií  |2 slo 
650 4 |a Prehľadávanie kódu  |2 slo 
650 4 |a SystemVerilog  |2 slo 
650 4 |a Analýza kódu  |2 slo 
700 1 |a Kohútka, Lukáš  |u 033000  |k Z3  |4 ths  |U FEI Fakulta elektrotechniky a informatiky  |T FEI Ústav elektroniky a fotoniky  |X 5813  |U E030  |Y 549  |7 A000005813 
856 4 |u http://is.stuba.sk/zp/portal_zp.pl?podrobnosti=123430 
996 |b 284ER02793  |c E*Bc- 2793  |l EE35  |s P  |a 0  |w stuzp66288_0001